The World's 50 Largest Cities by Letter - Y - Statistics

General Stats
  • This quiz has been taken 647 times
  • The average score is 10 of 50
Answers on the Map
Answers color-coded by a green-red scale on the quiz's map according to % correct below.
 
Answer Stats
# Population Country Urban Area % Correct
13 1,232,670 Armenia Yerevan
92%
2 4,563,589 Cameroon Yaoundé
91%
1 6,257,620 Myanmar Yangon
88%
7 1,584,709 Russia Yekaterinburg
83%
42 422,072 Côte d'Ivoire Yamoussoukro
61%
48 355,443 Russia Yakutsk
53%
3 3,668,719 Indonesia Yogyakarta
48%
31 632,389 Russia Yaroslavl
40%
49 353,945 United States York
40%
38 505,826 United States Youngstown
35%
10 1,514,555 China Yangzhou
32%
5 1,937,868 China Yantai
28%
15 1,145,252 China Yueyang
24%
4 1,988,825 China Yinchuan
23%
6 1,795,515 China Yiwu
19%
36 532,220 Iran Yazd
17%
28 660,200 China Yuzhou
17%
12 1,289,957 China Yulin (Guangxi)
15%
8 1,569,654 China Yancheng
15%
9 1,550,229 China Yichang
15%
35 534,092 China Yulin (Shaanxi)
15%
29 637,925 China Yibin
10%
40 444,611 Japan Yamagata
8%
17 924,915 China Yingkou
8%
21 761,971 China Yuxi
8%
19 790,062 China Yiyang
7%
23 738,811 India Yamunanagar
6%
50 331,916 Saudi Arabia Yanbu
6%
37 525,804 China Yanji
6%
39 497,261 China Yining
6%
26 701,675 Nigeria Yola - Jimeta
6%
44 398,905 China Yan'an
5%
27 667,999 China Yangjiang
5%
16 961,371 China Yichun
5%
43 404,087 China Yongzhou
5%
41 435,068 China Yingtan
4%
20 784,186 China Yixing
4%
47 362,085 China Ya'an
3%
18 823,054 China Yangquan
3%
45 367,073 India Yavatmal
3%
14 1,161,408 China Yongkang - Wuyi
3%
11 1,385,709 China Yueqing
3%
25 718,351 China Yuncheng
3%
30 636,603 Nigeria Yenagoa
2%
34 558,530 China Yangzhong
1%
46 362,682 China Yishui
1%
32 611,183 China Yongcheng
1%
24 733,689 China Yongchuan
1%
33 604,643 China Yuhuan
1%
22 739,360 China Yongnian
0%
No matching quizzes found
Score Distribution
Percent of People with Each Score
Percentile by Number Answered
Your Score History
You have not taken this quiz